| 000 | 00488nam a2200157Ia 4500 | ||
|---|---|---|---|
| 008 | 210716s2011 xx 000 0 und d | ||
| 020 | _a9789380578040 | ||
| 041 | _aeng | ||
| 082 | _a621.3916 MUKA | ||
| 100 | _aMukhopadhyay, Asok Kumar. | ||
| 245 | _aText book on microprocessor based laboratory experiments and projects. | ||
| 250 | _a3 | ||
| 260 |
_aNew Delhi _bI K International Publishing House Pvt Ltd _c2011 |
||
| 300 | _axiv,402 | ||
| 650 | _aMicrocontrollers & Microprocessors | ||
| 999 |
_c194169 _d194169 |
||